| 000 | 00688nam a2200193 a 4500 | ||
|---|---|---|---|
| 005 | 20210223120619.0 | ||
| 008 | 991125m19701977mx 000 0 spa u | ||
| 035 | _aUPN01000004266 | ||
| 049 | _aCG | ||
| 050 | 4 |
_aE404 _bA6.6 |
|
| 245 | 0 | 0 |
_aApuntes para la historia de la guerra entre México y los Estados Unidos / _cRamón Alcaraz ... [et al.]. |
| 260 |
_aMéxico : _bCNCA, _c1970 (1977 impr.). |
||
| 300 |
_a401 p., [32] p. de láms.. [1] h. pleg. : _bil. |
||
| 440 | 0 | _aHistoria | |
| 500 | _aEdición facsimilar de la 1848 | ||
| 651 | 4 |
_aMEXICO - _xHISTORIA - _yINVASION NORTEAMERICANA, 1846-1848 _915833 |
|
| 700 | 1 |
_aAlcaraz, Ramón Isaac, _d1823-1886 _ecoaut. _930362 |
|
| 905 | _aLibro | ||
| 999 |
_c4266 _d4266 |
||